The Entire 'Dua Lipa' Discography (2026) - Statistics

General Stats
  • This quiz has been taken 4,332 times
    1,232 since last reset
  • The average score is 39 of 69
Answer Stats
PROJECT ANSWER % Correct
Radical Optimism Houdini
88%
Future Nostalgia Levitating
88%
Future Nostalgia (The Moonlight Edition) Levitating (DaBaby Remix)
88%
Radical Optimism Training Season
88%
Dua Lipa New Rules
83%
Dua Lipa (Complete Edition) New Rules - Live
83%
BARBIE: The Album Dance The Night
80%
Dua Lipa (Complete Edition) One Kiss
80%
Future Nostalgia Physical
79%
Dua Lipa Be The One
77%
FEATURES Cold Heart - PNAU Remix
77%
Future Nostalgia Don't Start Now
77%
Dua Lipa (Complete Edition) No Lie
76%
Radical Optimism Illusion
74%
Radical Optimism Maria
74%
Dua Lipa (Complete Edition) Electricity
73%
Future Nostalgia Break My Heart
71%
Future Nostalgia Future Nostalgia
71%
Dua Lipa IDGAF
71%
Future Nostalgia Love Again
71%
Radical Optimism These Walls
71%
Radical Optimism End Of An Era
68%
Future Nostalgia (The Moonlight Edition) Prisoner
68%
FEATURES Sweetest Pie
68%
Future Nostalgia Boys Will Be Boys
67%
Radical Optimism French Exit
67%
Future Nostalgia Hallucinate
65%
Dua Lipa (Complete Edition) Scared To Be Lonely
65%
Future Nostalgia (The Moonlight Edition) Fever
64%
Future Nostalgia Good In Bed
64%
Dua Lipa Blow Your Mind (Mwah)
62%
Radical Optimism Falling Forever
62%
Dua Lipa Hotter Than Hell
62%
Radical Optimism Happy For You
61%
Future Nostalgia Pretty Please
58%
Future Nostalgia (The Moonlight Edition) Un Dia (One Day)
58%
Future Nostalgia Cool
56%
Dua Lipa (Complete Edition) Kiss and Make Up
55%
FEATURES Handlebars
52%
Radical Optimism Whatcha Doing
52%
Radical Optimism Anything For Love
50%
Dua Lipa Genesis
50%
Future Nostalgia (The Moonlight Edition) If It Ain't Me
50%
FEATURES Potion
48%
Future Nostalgia (The Moonlight Edition) That Kind Of Woman
48%
Dua Lipa Lost In Your Light
47%
Dua Lipa (Deluxe) New Love
47%
Future Nostalgia (The Moonlight Edition) We're Good
47%
Dua Lipa Garden
45%
Alita: Battle Angel (ORIGINAL MOTION PICTURE SOUNDTRACK) Swan Song
45%
FEATURES Demeanor
38%
Dua Lipa Homesick
36%
Dua Lipa (Deluxe) Last Dance
36%
Future Nostalgia (The Moonlight Edition) Not My Problem
36%
Dua Lipa (Deluxe) Room for 2
36%
Dua Lipa (Complete Edition) Running
36%
Dua Lipa (Deluxe) Bad Together
33%
Dua Lipa Begging
33%
Dua Lipa (Deluxe) Dreams
33%
Dua Lipa (Complete Edition) Want To
33%
FEATURES High
32%
Dua Lipa Thinking 'Bout You
32%
FEATURES Two Hearts
32%
FEATURES Real Groove - Studio 2054 Remix
29%
Gully (ORIGINAL DANIEL HEATH SCORE) CAN THEY HEAR US
26%
Dua Lipa No Goodbyes
26%
FEATURES My Love
23%
FEATURES Sugar (Remix)
23%
FEATURES If Only
20%
No matching quizzes found
Score Distribution
Percent of People with Each Score
Percentile by Number Answered
Your Score History
You have not taken this quiz since the last reset